| 000 | 00942 a2200217 4500 | ||
|---|---|---|---|
| 001 | 3769 | ||
| 005 | 20260407155430.0 | ||
| 008 | 260407a2010 arg spa d | ||
| 003 | AR-UNSa-BCEJYS | ||
| 040 |
_aAR-UNSa-BCEJYS _bspa _cAR-UNSa-BCEJYS |
||
| 080 |
_a94(826.7) _xHistoria de Salta |
||
| 245 | 1 | 0 |
_aEntramados del poder _pSalta y la nación en el siglo XIX |
| 020 | _a978-987-558-196-8 | ||
| 264 | 1 |
_aBuenos Aires : _bUniversidad Nacional de Quilmes _c2010 |
|
| 300 |
_a315 p. _c22 cm. |
||
| 505 | _a1. Hombres, territorio y poder - 2. Las familias - 3. Salta: una sociedad que se percibe dual - 4. Los movimientos de la economía provincial - 5. La política: grupos y redes - 6. Los entramados de poder | ||
| 942 | _cBK | ||
| 590 | _aniveau_biblio:m niveau_hierar:0 | ||
| 100 | 1 | _aJustiniano, María Fernanda | |
| 856 | 4 | 1 |
_uhttps://biblioeco.unsa.edu.ar/pmb/images/libros/Entramados del poder-l117882.jpg _yImagen de portada _qimage/jpeg |
| 999 |
_c354 _d354 |
||